| 000 | 00746nam a2200217 a 4500 | ||
|---|---|---|---|
| 003 | 0 | ||
| 005 | 20250204082657.0 | ||
| 008 | 130829s19uu xx 00 eng d | ||
| 050 |
_aPGS GV 1469.35 _b.L477 2013 |
||
| 100 | _aLee, Hae In (Lynn). | ||
| 245 |
_aCellular phones and study habits / _cHae In (Lynn) Lee. |
||
| 260 |
_aLas PiƱas City, Philippines : _bSouthville International School and Colleges, _c2013. |
||
| 300 |
_a25 p. : _bill. ; _c28 cm. |
||
| 504 | _aIncludes bibliographical references. | ||
| 650 | _aStudy skills. | ||
| 650 |
_aMiddle school students _vStudy habits. |
||
| 650 | _aMobile devices and children. | ||
| 650 | _aCell phones in education. | ||
| 650 |
_aVideo games _vPsychological aspects. |
||
| 942 |
_2lcc _cPASS |
||
| 999 |
_c99034 _d99034 |
||